Splynovanie tuhého alternatívneho paliva v laboratórnom viacstupňovom reaktore

Salvato in:
Dettagli Bibliografici
Autore principale: Smetana, Mikuláš (Autore)
Altri autori: Steltenpohl, Pavol (Relatore della tesi)
Natura: Manoscritto Libro
Lingua:slovacco
Pubblicazione: 2024
Soggetti:
Accesso online:http://is.stuba.sk/zp/portal_zp.pl?podrobnosti=185263
Tags: Aggiungi Tag
Nessun Tag, puoi essere il primo ad aggiungerne!!

MARC

LEADER 00000ntm a22000003a 4500
001 stuzp99417
003 SK-STU
005 20240601210738.7
007 ta
008 150427s2015----xo-----f-mn---000-0-slo-d
040 |a STU  |b slo 
041 0 |a slo 
100 1 |a Smetana, Mikuláš  |u 046230  |k Z4  |4 aut  |U FCHPT Ústav chemického a environmentálneho inžinierstva  |T FCHPT Oddelenie chemického a biochemického inžinierstva  |X 86857  |U C6230  |Y 119  |7 86857 
242 0 1 |a Gasification of refuse-derived fuel in a laboratory multistage reactor  |y eng 
245 1 0 |a Splynovanie tuhého alternatívneho paliva v laboratórnom viacstupňovom reaktore 
260 |c 2024 
650 4 |a RDF  |2 slo 
650 4 |a katalyzátor  |2 slo 
650 4 |a pyrolýza  |2 slo 
650 4 |a pyrolysis  |2 eng 
650 4 |a RDF  |2 eng 
650 4 |a catalyst  |2 eng 
700 1 |a Steltenpohl, Pavol  |u 046230  |k Z1  |4 ths  |U FCHPT Ústav chemického a environmentálneho inžinierstva  |T FCHPT Oddelenie chemického a biochemického inžinierstva  |X 3929  |U C6230  |Y 119  |7 A000003929 
856 4 |u http://is.stuba.sk/zp/portal_zp.pl?podrobnosti=185263